[Event "Berliner Sommer"]
[Site "Berlin"]
[Date "1993.??.??"]
[Round "?"]
[White "Meier, Volker"]
[Black "Milov, Vadim"]
[Result "0-1"]
[WhiteElo "2305"]
[BlackElo "2500"]

1.e4 c5 2.Nf3 Nc6 3.Bb5 e6 4.O-O Nge7 5.Re1 Nd4 6.Nxd4 cxd4 7.c3 Nc6 8.d3 g6
9.Nd2 Bg7 10.c4 e5 11.Nf1 O-O 12.f4 d6 13.Qf3 Qh4 14.Bd2 Bg4 15.Qg3 Qxg3
16.hxg3 Be6 17.Bxc6 bxc6 18.fxe5 dxe5 19.Ba5 f5 20.b3 fxe4 21.dxe4 g5 22.Nd2 g4
23.Rf1 Bh6 24.Rxf8+ Rxf8 25.Nf1 Bf7 26.Bc7 Re8 27.Re1 Bf8 28.Ba5 Bg6 29.Nd2 Kf7
30.Kf2 Ke6 31.Ke2 Bh6 32.Bb4 Rb8 33.Bc5 Rb7 34.Kd3 a6 35.b4 Rf7 36.Re2 Bxd2
37.Kxd2 Rf1 38.Kc2 Kd7 39.b5 axb5 40.cxb5 cxb5 41.Bb4 Bf7 42.Kb2 Bc4 43.Rd2 Ke6
44.a3 Rg1 45.Rc2 h5 46.a4 d3 47.Rf2 bxa4 48.Bc3 Bb3 49.Ka3 Rc1 50.Kb4 Rc2
51.Rd2 Rxd2 52.Bxd2 Bd1 53.Kc3 Be2 54.Bc1 Bf1 55.Kd2 h4 56.gxh4 g3 57.h5 Bxg2
58.Kxd3 Bxe4+ 59.Ke3 Kd5 60.Bb2 Bh7 61.Kf3 e4+ 62.Kxg3 Kc4 63.Kf4 Kb3 64.Bd4 a3
65.h6 a2  0-1

[Event "Berliner Sommer"]
[Site "Berlin"]
[Date "1993.??.??"]
[Round "?"]
[White "Lein, Anatoly"]
[Black "Milov, Vadim"]
[Result "0-1"]
[WhiteElo "2465"]
[BlackElo "2500"]

1.d4 Nf6 2.Nf3 d5 3.Bf4 c6 4.e3 Qb6 5.Qc1 Bf5 6.Bd3 e6 7.Bxf5 exf5 8.O-O Be7
9.c4 O-O 10.Qc2 g6 11.Rc1 Na6 12.c5 Qd8 13.b4 Nc7 14.Nc3 Ne4 15.Rab1 Ne6
16.Bh6 Re8 17.b5 Qc7 18.Ne2 f6 19.Bf4 Qd7 20.bxc6 bxc6 21.h3 Nxf4 22.exf4 Bd8
23.Nh2 Ba5 24.Rd1 Qe6 25.Kf1 Bc7 26.Rb7 Qc8 27.Rb2 Rb8 28.Rxb8 Qxb8 29.g3 Qb5
30.Qd3 Qxd3 31.Rxd3 Rb8 32.Ra3 a5 33.Nf3 Rb1+ 34.Kg2 Rb2 35.Kf1 Rb1+ 36.Kg2 Rb2
37.Kf1 Kf8 38.Rb3 Rxa2 39.Rb7 Bd8 40.Rxh7 a4 41.Ra7 a3 42.h4 Ke8 43.h5 gxh5
44.Nh4 Nd2+ 45.Kg2 Nc4 46.Nc1 Rb2 47.Nxf5 Ba5 48.Nd6+ Nxd6 49.cxd6 Rb5 50.Na2 Bb6
51.Rxa3 Bxd4 52.Nc1 Kd7 53.Nd3 Kxd6 54.Kh3 c5 55.Ra6+ Kc7 56.f5 c4 57.Nf4 Be5
58.Ne6+ Kb7 59.Ra2 Bb2 60.Kg2 Bc3 61.f3 Rb2+ 62.Rxb2+ Bxb2 63.Kf2 d4 64.g4 h4
65.g5 fxg5 66.f6 d3 67.f7 Ba3 68.Ke3 h3 69.Kd4 Be7  0-1

[Event "Biel op"]
[Site "Biel"]
[Date "1993.??.??"]
[Round "1"]
[White "Pelletier, Yannick"]
[Black "Milov, Vadim"]
[Result "0-1"]
[WhiteElo "2285"]
[BlackElo "2500"]

1.d4 Nf6 2.c4 e6 3.Nf3 d5 4.Nc3 Bb4 5.Bg5 Nbd7 6.cxd5 exd5 7.Qc2 O-O 8.a3 Bxc3+
9.Qxc3 h6 10.Bh4 c6 11.e3 Qe8 12.Bd3 Ne4 13.Qc2 Nb6 14.O-O Bf5 15.Rfe1 Qe6
16.Nd2 Nd6 17.f3 Bxd3 18.Qxd3 Nbc4 19.Nxc4 Nxc4 20.b3 Nd6 21.Rac1 Rfe8 22.Bg3 Nf5
23.Bf2 Rad8 24.e4 dxe4 25.fxe4 Ne7 26.Rcd1 Qg6 27.d5 Nc8 28.b4 a6 29.Bh4 f6
30.Qf3 cxd5 31.exd5 Rxe1+ 32.Rxe1 Nd6 33.Bg3 Qf5 34.Re7 Qxf3 35.gxf3 b5 36.Ra7 Nc4
37.d6 Nxd6 38.Rxa6 Nc4 39.a4 Rd1+ 40.Kf2 bxa4 41.Rxa4 Rd2+ 42.Ke1 Rb2 43.b5 Nb6
44.Ra5 Kh7 45.Bb8 Nc4 46.Ra4 Nd2 47.Ke2 Ne4+ 48.Ke3 Nc3 49.Ra7 Rxb5 50.Bd6 Rb3
51.Ra3 Rxa3 52.Bxa3 Kg6 53.Bf8 Kf7 54.Bc5 h5 55.f4 Ke6 56.Kf3 g6 57.Bd4 Nb5
58.Bb2 Nd6 59.Bd4 Nc4 60.Bc3 Nb6 61.Bb4 Kd5 62.Bc3 Nd7 63.Ba1 Kc4 64.Bb2 Kd3
65.Ba1 f5 66.h4 Nc5 67.Bb2 Nb3  0-1

[Event "Biel op"]
[Site "Biel"]
[Date "1993.??.??"]
[Round "2"]
[White "Milov, Vadim"]
[Black "Schoene, Ralf"]
[Result "1-0"]
[WhiteElo "2500"]
[BlackElo "2330"]

1.d4 Nf6 2.c4 g6 3.Nc3 Bg7 4.e4 d6 5.Be2 O-O 6.Bg5 h6 7.Be3 e5 8.d5 Nbd7
9.Qd2 h5 10.f3 a5 11.Nh3 Nc5 12.Nf2 Bd7 13.g4 hxg4 14.fxg4 Nh7 15.h4 f5 16.gxf5 gxf5
17.exf5 Bxf5 18.O-O-O Qd7 19.Bxc5 dxc5 20.Nfe4 b6 21.Bd3 Nf6 22.h5 Nxe4 23.Nxe4 Bxe4
24.Bxe4 Rf4 25.h6 Bf6 26.Rdg1+ Kh8 27.Rg7 Qa4 28.Rh7+ Kg8 29.Qg2+ Kf8 30.Rg1 Qxc4+
31.Kb1  1-0

[Event "Biel op"]
[Site "Biel"]
[Date "1993.??.??"]
[Round "4"]
[White "Milov, Vadim"]
[Black "Hirzel, Rene"]
[Result "1-0"]
[WhiteElo "2500"]
[BlackElo "2215"]

1.d4 g6 2.e4 Bg7 3.Nc3 c6 4.Bc4 d6 5.Qf3 e6 6.Nge2 Nd7 7.O-O Ngf6 8.Bb3 O-O
9.Bg5 e5 10.Rad1 Qc7 11.h3 a6 12.a3 b5 13.Qe3 Re8 14.Bh6 exd4 15.Nxd4 Nc5
16.Bxg7 Kxg7 17.f3 Nxb3 18.Nxb3 d5 19.Nc5 Bxh3 20.Qg5 Bc8 21.exd5 cxd5 22.Qxf6+  1-0

[Event "Biel op"]
[Site "Biel"]
[Date "1993.??.??"]
[Round "5"]
[White "Tkachiev, Vladislav"]
[Black "Milov, Vadim"]
[Result "0-1"]
[WhiteElo "2455"]
[BlackElo "2500"]

1.e4 c5 2.Nf3 Nc6 3.Bb5 e6 4.O-O Nge7 5.c3 d5 6.exd5 Nxd5 7.Ne5 Qc7 8.Nxc6 bxc6
9.Be2 Be7 10.d3 O-O 11.Nd2 e5 12.Re1 Bf5 13.Nc4 f6 14.Bg4 Bg6 15.h4 Kh8 16.h5 Be8
17.Bf5 Bd7 18.Qf3 Rad8 19.Ne3 Nxe3 20.Bxe3 Bxf5 21.Qxf5 Qd7 22.Qe4 f5 23.Qc4 Qxd3
24.Qxd3 Rxd3 25.Bf4 e4 26.f3 Bh4 27.Re3 Re8 28.fxe4 fxe4 29.g3 Rxe3 30.Bxe3 Bxg3
31.Rd1 h6 32.Rd7 Bb8 33.Kf1 a5 34.Bxc5 Be5 35.Ra7 Rb8 36.Ba3 Rb5 37.c4 Rb8
38.Rxa5 Bxb2 39.Bd6 Rb7 40.Ra8+ Kh7 41.Rb8 Rf7+ 42.Kg2 Bd4 43.Rc8 Rf2+ 44.Kg3 Rxa2
45.Rxc6 e3 46.Bb4 Ra4 47.Be1 Ra1 48.Bb4 Rb1 49.Ba5 Rh1 50.Kg4 Bf6 51.c5 Ra1  0-1

[Event "Biel op"]
[Site "Biel"]
[Date "1993.??.??"]
[Round "6"]
[White "Milov, Vadim"]
[Black "Arbakov, Valentin"]
[Result "1-0"]
[WhiteElo "2500"]
[BlackElo "2460"]

1.d4 Nf6 2.c4 e6 3.Nc3 Bb4 4.f3 d5 5.a3 Be7 6.e4 c5 7.cxd5 exd5 8.e5 Nfd7
9.Nxd5 cxd4 10.Nxe7 Qxe7 11.f4 Nc6 12.Nf3 O-O 13.b4 a6 14.Bd3 f6 15.Qb3+ Kh8
16.e6 Nb6 17.f5 Qd6 18.O-O Nd5 19.Qb2 Nde7 20.Be4 g6 21.Bh6 Rg8 22.fxg6 hxg6
23.Qf2 Qxe6 24.Qh4 Qg4 25.Qxf6+ Kh7 26.h3 Qh5 27.Bd2 Rg7 28.Ng5+ Kh8 29.Nf7+ Kg8
30.Bh6 Rh7 31.Bf8 Bf5 32.Nh6+ Qxh6 33.Bxh6 Rxh6 34.Bxf5  1-0

[Event "Biel op"]
[Site "Biel"]
[Date "1993.??.??"]
[Round "7"]
[White "Miezis, Normunds"]
[Black "Milov, Vadim"]
[Result "0-1"]
[WhiteElo "2410"]
[BlackElo "2500"]

1.c4 c5 2.Nc3 g6 3.g3 Bg7 4.Bg2 Nc6 5.e4 e6 6.Nge2 Nge7 7.a3 b6 8.O-O O-O
9.Rb1 d6 10.d3 Bb7 11.b4 Qd7 12.h3 Nd4 13.Nxd4 cxd4 14.Ne2 e5 15.a4 f5 16.f3 a6
17.Qb3 Kh8 18.Bd2 Ng8 19.Rfc1 Bc6 20.b5 axb5 21.axb5 Bb7 22.Ra1 Bh6 23.Bxh6 Nxh6
24.Rxa8 Rxa8 25.Qb2 Kg8 26.Ra1 Qc8 27.Ra3 Nf7 28.Kf2 Ng5 29.Qa2 Rxa3 30.Qxa3 fxe4
31.fxe4 Qf8+ 32.Kg1 Bc8 33.h4 Nh3+ 34.Kh2 Nf2 35.Qa7 Nxd3 36.Qxb6 Bg4 37.Ng1 Nc5
38.Qc6 d3 39.b6 Bd7 40.Qc7 d2 41.Bf3 Bc8 42.Qa7 d1=Q 43.Bxd1 Qf2+ 44.Kh1 Nxe4
45.Ne2 Bg4 46.Qa8+ Kg7 47.Qb7+ Kh6  0-1

[Event "Biel op"]
[Site "Biel"]
[Date "1993.??.??"]
[Round "10"]
[White "Milov, Vadim"]
[Black "Tseshkovsky, Vitaly"]
[Result "1-0"]
[WhiteElo "2500"]
[BlackElo "2495"]

1.d4 d6 2.e4 Nf6 3.Nc3 g6 4.g3 Bg7 5.Bg2 O-O 6.Nge2 e5 7.h3 Nbd7 8.O-O exd4
9.Nxd4 Re8 10.Re1 a6 11.Nde2 Nc5 12.Nf4 Bd7 13.Nd3 Nxd3 14.cxd3 Qc8 15.g4 h5
16.g5 Nh7 17.h4 c6 18.Bf4 f6 19.Qd2 fxg5 20.hxg5 Bh3 21.f3 Qd7 22.Bxh3 Qxh3
23.Qg2 Bd4+ 24.Kf1 Qd7 25.Qg3 Be5 26.Ke2 Rad8 27.Rad1 Qf7 28.Bxe5 dxe5 29.Rf1 b5
30.f4 b4 31.Nb1 exf4 32.Qxf4 Qxa2 33.Nd2 Re7 34.Nc4 Qa4 35.Qg3 Qc2+ 36.Rd2 Qb3
37.Qe3 Rde8 38.Qc5 Nf8 39.Qxc6 Ne6 40.Qd6  1-0

[Event "Biel op"]
[Site "Biel"]
[Date "1993.??.??"]
[Round "11"]
[White "Wahls, Matthias"]
[Black "Milov, Vadim"]
[Result "0-1"]
[WhiteElo "2480"]
[BlackElo "2500"]

1.e4 c5 2.Nf3 Nc6 3.Bb5 e6 4.O-O Nge7 5.c3 d5 6.exd5 Nxd5 7.Ne5 Qc7 8.Qa4 Bd7
9.Nxd7 Qxd7 10.Bxc6 bxc6 11.d3 Be7 12.Na3 O-O 13.Rd1 Nb6 14.Qa6 e5 15.Re1 Qd5
16.Be3 f5 17.f3 Bh4 18.Re2 Rfd8 19.Bf2 Bxf2+ 20.Kxf2 c4 21.dxc4 Qc5+ 22.Kf1 e4
23.Rae1 Rd3 24.b4 Qf8 25.Rf2 Rxc3 26.c5 Nd5 27.fxe4 Nxb4 28.Qa5 Qxc5 29.Qxc5 Rxc5
30.Rb1 a5 31.exf5 Rc3 32.Rb3 Nxa2 33.Rxc3 Nxc3 34.Rb2 a4 35.Rb6 Nb5 36.Nc2 a3
37.Rxc6 a2 38.Na1 Nd4 39.Rc4 Nxf5 40.Kf2 Kf7 41.Rb4 Ke6 42.Ke2 Ke5 43.Kd3 Ra3+
44.Kc2 Ne3+ 45.Kb2 Rd3 46.Nb3 Nxg2 47.Kxa2 Nf4 48.Rb7 Kf6 49.Nc5 Rd2+ 50.Kb1 Rxh2
51.Nd7+ Kg5 52.Nf8 Kh6 53.Rb6+ Kg5 54.Rb7 Kf6 55.Nd7+ Kf5 56.Nf8 h5 57.Rf7+ Ke4
58.Rxg7 h4 59.Ng6 Nxg6 60.Rxg6 Kf5 61.Rd6 Re2 62.Rh6 Kg4 63.Rg6+ Kh5 64.Rg8 h3
65.Rh8+ Kg4 66.Rg8+ Kf3 67.Rf8+ Ke4 68.Re8+ Kd3 69.Rd8+ Kc4  0-1

[Event "Budapest FS09 GM"]
[Site "Budapest"]
[Date "1993.??.??"]
[Round "1"]
[White "Csom, Istvan"]
[Black "Milov, Vadim"]
[Result "0-1"]
[WhiteElo "2475"]
[BlackElo "2500"]

1.c4 c5 2.Nf3 b6 3.g3 Bb7 4.Bg2 g6 5.O-O Bg7 6.Nc3 Nf6 7.b3 O-O 8.Bb2 Na6
9.Rc1 e6 10.Re1 d5 11.cxd5 exd5 12.d4 Qe7 13.e3 Rfd8 14.Ne5 Nb4 15.a3 Nc6
16.Nxc6 Bxc6 17.Qc2 Rac8 18.Qb1 h5 19.Ne2 Bb5 20.dxc5 Bxe2 21.Rxe2 bxc5 22.Qd3 c4
23.Qd1 a5 24.bxc4 dxc4 25.Qa4 Ne4 26.Bxg7 Kxg7 27.Rec2 Nd2 28.Qxa5 Nb3 29.Qc3+ Kg8
30.Rb1 Qxa3 31.Bh3 Rc7 32.Bf1 Qd6 33.Be2 Rdc8 34.Rd1 Qe7 35.Bf3 Nc5 36.Rd4 Nd3
37.Bd5 Nb4 38.Rb2 Nxd5 39.Rxd5 Qe4 40.Rd1 Rb7 41.Rxb7 Qxb7 42.Rc1 h4 43.gxh4 Qe4
44.Kf1 Qxh4 45.Qe5 Qh3+ 46.Ke1 Qg2 47.Qf6 Qxh2 48.Rd1 Qh1+ 49.Ke2 Qh5+ 50.f3 Qh2+
51.Ke1 Qg1+ 52.Ke2 Qh2+ 53.Ke1 c3 54.Rd7 Qg1+ 55.Ke2 Qg2+ 56.Ke1 Rf8 57.Qxc3 Qxf3
58.Qd4 Re8 59.Rd8 Rxd8 60.Qxd8+ Kg7 61.Qd4+ f6 62.Kd2 g5 63.Qd7+ Kh6 64.Qe8 g4
65.Qg8 g3 66.Qh8+ Kg5 67.Qg8+ Kh4 68.Qh7+ Kg4 69.Qd7+ f5  0-1

[Event "Budapest FS09 GM"]
[Site "Budapest"]
[Date "1993.??.??"]
[Round "2"]
[White "Milov, Vadim"]
[Black "Afek, Yochanan"]
[Result "1-0"]
[WhiteElo "2500"]
[BlackElo "2430"]

1.d4 d5 2.c4 dxc4 3.e4 c5 4.d5 e6 5.Nc3 exd5 6.Nxd5 Ne7 7.Bxc4 Nxd5 8.Bxd5 Be7
9.Nf3 O-O 10.O-O Qb6 11.Be3 Na6 12.Ne5 Nc7 13.Bb3 Qb4 14.Qc2 Be6 15.Nc4 Qb5
16.f4 f6 17.f5 Bf7 18.Rac1 b6 19.Qe2 Rfe8 20.Bf4 Rac8 21.Qg4 Bf8 22.e5 fxe5
23.Bxe5 Qd7 24.Rcd1 Nd5 25.Qg3 b5 26.Bxg7 Bxg7 27.f6 Be6 28.Ne5  1-0

[Event "Budapest FS09 GM"]
[Site "Budapest"]
[Date "1993.??.??"]
[Round "3"]
[White "Shabtai, Ran"]
[Black "Milov, Vadim"]
[Result "0-1"]
[WhiteElo "2350"]
[BlackElo "2500"]

1.Nf3 c5 2.e4 Nc6 3.d4 cxd4 4.Nxd4 e5 5.Nb5 d6 6.c4 Be7 7.Be2 f5 8.exf5 Bxf5
9.Bg5 a6 10.Bxe7 Kxe7 11.N5c3 Nf6 12.O-O Qb6 13.Qd2 h6 14.Na3 Qd4 15.Rad1 Qxd2
16.Rxd2 Nd4 17.Re1 Nxe2+ 18.Rexe2 Rac8 19.f4 Ke6 20.Nd5 Rhe8 21.Re3 Rc6 22.fxe5 dxe5
23.Rde2 e4 24.Nxf6 gxf6 25.Rd2 Rd6 26.Rxd6+ Kxd6 27.Nb1 Ke5 28.Kf2 Be6 29.Nd2 f5
30.g3 Rd8 31.Ke2 Bf7 32.Rb3 b5 33.Ra3 f4 34.gxf4+ Kxf4 35.Rh3 Be6 36.Rh4+ Bg4+
37.Rxg4+ Kxg4 38.cxb5 axb5 39.Nxe4 Kh3 40.a3 Kxh2 41.Nc3 Kg2 42.Nxb5 h5  0-1

[Event "Budapest FS09 GM"]
[Site "Budapest"]
[Date "1993.??.??"]
[Round "4"]
[White "Urban, Julian"]
[Black "Milov, Vadim"]
[Result "0-1"]
[WhiteElo "2340"]
[BlackElo "2500"]

1.Nf3 c5 2.e3 g6 3.d4 Bg7 4.Be2 Nf6 5.O-O O-O 6.Nbd2 b6 7.c4 cxd4 8.exd4 d5
9.b3 Nc6 10.Bb2 Bb7 11.Re1 Rc8 12.Rc1 Qd6 13.Ne5 e6 14.Bf3 Rfe8 15.Qe2 Qb8
16.Qe3 Rcd8 17.Qf4 Nxe5 18.dxe5 Nd7 19.Qe3 d4 20.Bxd4 Nxe5 21.Bxe5 Bxe5 22.Qxe5 Rxd2
23.Qxb8 Rxb8 24.Re2 Rd4 25.Bxb7 Rxb7 26.f3 Rc7 27.Kf2 Kf8 28.Rcc2 Ke7 29.Red2 Rd6
30.Ke3 Rdc6 31.Rb2 g5 32.Rb1 h5 33.h4 g4 34.fxg4 hxg4 35.Kf4 f5 36.Rbd1 Kf6
37.g3 b5 38.cxb5 Rc3 39.Rd3 Rc2 40.a4 Re2  0-1

[Event "Budapest FS09 GM"]
[Site "Budapest"]
[Date "1993.??.??"]
[Round "5"]
[White "Milov, Vadim"]
[Black "Soffer, Ram"]
[Result "1/2-1/2"]
[WhiteElo "2500"]
[BlackElo "2450"]

1.d4 e6 2.c4 Nf6 3.Nc3 Bb4 4.f3 d5 5.a3 Bxc3+ 6.bxc3 c5 7.cxd5 Nxd5 8.dxc5 Qa5
9.e4 Ne7 10.Be3 O-O 11.Qb3 Qc7 12.a4 Nec6 13.f4 Na5 14.Qa3 b6 15.Nf3 Ba6
16.Bb5 Bxb5 17.axb5 Nc4 18.cxb6 Qb7 19.Qc1 axb6 20.Rxa8 Qxa8 21.O-O Qxe4
22.Bd4 Nd7 23.Qb1 Qxb1 24.Rxb1 f6 25.Rd1 e5 26.Bf2 Rf7 27.Rd5 exf4 28.Nd2 Nde5
29.Nxc4 Nxc4 30.Rd4 Rc7 31.Rxf4 Kf7 32.Kf1 g5 33.Rd4 Ne5 34.Rd6 Rxc3 35.Bd4 Rc4
36.Bxe5 fxe5 37.Rxb6 Rb4 38.Kf2 Rb3 39.g4 Rb2+ 40.Kf3 Rxh2 41.Ke4 h5 42.gxh5 Rxh5
43.Rc6 Rh4+ 44.Kxe5 Rb4 45.b6 g4  1/2-1/2

[Event "Budapest FS09 GM"]
[Site "Budapest"]
[Date "1993.??.??"]
[Round "8"]
[White "Rabiega, Robert"]
[Black "Milov, Vadim"]
[Result "0-1"]
[WhiteElo "2455"]
[BlackElo "2500"]

1.e4 c5 2.c3 d6 3.d4 Nf6 4.Bd3 cxd4 5.cxd4 g6 6.h3 Bg7 7.Nc3 O-O 8.Nf3 Nc6
9.O-O e5 10.dxe5 dxe5 11.Be3 Qe7 12.Nd5 Nxd5 13.exd5 Nb4 14.Bc4 Bf5 15.Rc1 Rac8
16.Qd2 Nc2 17.Bb3 Nxe3 18.Qxe3 a6 19.Rfd1 Rxc1 20.Rxc1 e4 21.Rd1 Qd6 22.Nd2 Rc8
23.Nc4 Qc5 24.Qxc5 Rxc5 25.Nb6 Rb5 26.Nc4 Rb4 27.d6 Bd7 28.Re1 Bc6 29.Rd1 b5
30.Ne3 Rd4 31.Rxd4 Bxd4 32.Bd5 Bd7 33.Bxe4 Bxb2 34.Nd5 Bd4 35.Nb4 Bc5 36.Bc6 Bxc6
37.Nxc6 Bxd6 38.Kf1 Kf8 39.Ke2 Ke8 40.f3 Kd7 41.Nd4 Bc5 42.Nb3 Kd6 43.Kd3 Kd5
44.Nd2 f5 45.f4 a5 46.Nf3 Be7 47.Nd4 b4 48.Nb3 a4 49.Nd2 Bf6 50.Nc4 Bd4 51.g4 fxg4
52.hxg4 a3 53.Nd2 h5 54.gxh5 gxh5 55.Nb3 h4 56.Nxd4 h3 57.Nf5 h2 58.Ng3 b3  0-1

[Event "Budapest FS09 GM"]
[Site "Budapest"]
[Date "1993.??.??"]
[Round "9"]
[White "Milov, Vadim"]
[Black "Schaefer, Markus"]
[Result "0-1"]
[WhiteElo "2500"]
[BlackElo "2455"]

1.d4 Nf6 2.c4 e6 3.Nc3 Bb4 4.e3 O-O 5.Ne2 Re8 6.a3 Bf8 7.e4 d5 8.e5 Nfd7
9.cxd5 exd5 10.f4 c5 11.g3 Nc6 12.Bg2 Nb6 13.dxc5 Bxc5 14.b4 Bf8 15.Nxd5 Be6
16.Nxb6 Qxb6 17.Qc2 Red8 18.Bxc6 Rac8 19.Qe4 Rxc6 20.Be3 Qb5 21.a4 Qxb4+
22.Qxb4 Bxb4+ 23.Kf2 Rc2 24.Rhc1 Rdc8 25.Rab1 a5 26.Bd4 Bd7 27.Rxc2 Rxc2
28.Rc1 Bxa4 29.Rxc2 Bxc2 30.Ke3 a4 31.Nc3 Bb3 32.Ne4 Bd5 33.Nc3 Bb3 34.Ne4 a3
35.Kd3 Be6 36.Nd6 Bd5 37.Nb5 a2 38.Bb2 Bc5 39.Nc3 Be6 40.Ke4 g6 41.Nb5 Bg1
42.h4 Bf5+ 43.Kf3 Bd3 44.Nd4 h5 45.g4 hxg4+ 46.Kxg4 Be3 47.Kg5 Bc1 48.Ba1 b5
49.Nb3 Be3 50.Kg4 Be4 51.Bc3 Bd5 52.Na1 b4 53.Bb2 Bd2 54.f5 Be4  0-1

[Event "Budapest FS09 GM"]
[Site "Budapest"]
[Date "1993.??.??"]
[Round "10"]
[White "Unzicker, Ferdinand"]
[Black "Milov, Vadim"]
[Result "0-1"]
[WhiteElo "2335"]
[BlackElo "2500"]

1.d4 Nf6 2.c4 e6 3.Nf3 d5 4.Nc3 Bb4 5.Bg5 Nbd7 6.cxd5 exd5 7.Rc1 c6 8.e3 O-O
9.Bd3 Re8 10.O-O Bd6 11.Qc2 Nf8 12.Bh4 Bg4 13.Nd2 Bh5 14.Bg3 Ng4 15.Rfe1 Re6
16.Nf1 Bxg3 17.hxg3 Qg5 18.Ne2 Bg6 19.Nf4 Bxd3 20.Qxd3 Rd6 21.f3 Nh6 22.g4 f5
23.Nh3 Qg6 24.g5 Nf7 25.f4 h6 26.gxh6 Nxh6 27.Nh2 Ng4 28.Nxg4 Qxg4 29.Qe2 Qh4
30.Qf2 Qh6 31.Ng5 Nd7 32.Kf1 Qh8 33.Ke2 Rh6 34.Kd2 Nf6 35.Kc2 Re8 36.Nf3 Ne4
37.Qg1 Rg6 38.Ne5 Rg3 39.Re2 g5 40.fxg5 Qh5 41.Rce1 Qxg5 42.Rf1 Re7 43.Rf4 Rg7
44.Kb1 Nd6 45.Nf3 Rxg2 46.Rxg2 Qxg2 47.Qc1 Qe2 48.Nh4 Rg4 49.a3 Rxf4 50.exf4 Qe4+
51.Ka1 Qxd4 52.Qe1 Kf7 53.Qg3 Qd1+  0-1

[Event "Budapest FS09 GM"]
[Site "Budapest"]
[Date "1993.??.??"]
[Round "11"]
[White "Milov, Vadim"]
[Black "Lukacs, Peter"]
[Result "1/2-1/2"]
[WhiteElo "2500"]
[BlackElo "2485"]

1.d4 d5 2.c4 c6 3.Nc3 Nf6 4.cxd5 cxd5 5.Bf4 Nc6 6.e3 a6 7.Nf3 Bg4 8.h3 Bxf3
9.Qxf3 e6 10.Bd3 Bd6 11.Bg5 h6 12.Bh4 Be7 13.O-O Nb4 14.Bb1 O-O 15.a3 Nc6
16.Na4 Na5 17.b4  1/2-1/2

[Event "Budapest FS09 GM"]
[Site "Budapest"]
[Date "1993.??.??"]
[Round "12"]
[White "Dao Thien Hai"]
[Black "Milov, Vadim"]
[Result "1/2-1/2"]
[WhiteElo "2565"]
[BlackElo "2500"]

1.d4 Nf6 2.c4 e6 3.Nc3 Bb4 4.Qc2 O-O 5.a3 Bxc3+ 6.Qxc3 b6 7.Bg5 c5 8.dxc5 bxc5
9.Nf3 Bb7 10.Nd2 a5 11.e3 d6 12.Bd3 Nbd7 13.O-O h6 14.Bh4 Ra6 15.Qc2 Qa8
16.f3 Rb8 17.Rad1 Rb6 18.Nb1 Ne5 19.Bxf6 gxf6 20.e4 Ba6 21.Qc1 Rxb2 22.Qxh6 Nxd3
23.Qxf6 Rc2 24.Rxd3 Bxc4 25.Qg5+ Kf8 26.Rxd6 Bxf1 27.Nd2 Qa7 28.Qh6+ Kg8
29.Qg5+ Kf8 30.Qh6+  1/2-1/2

[Event "Heraklio op"]
[Site "Heraklio"]
[Date "1993.??.??"]
[Round "4"]
[White "Milov, Vadim"]
[Black "Tzermiadianos, Andreas"]
[Result "1-0"]
[WhiteElo "2500"]
[BlackElo "2315"]

1.d4 Nf6 2.c4 c5 3.d5 b5 4.cxb5 a6 5.Nc3 axb5 6.e4 b4 7.Nb5 d6 8.Bf4 g5 9.e5 gxf4
10.exf6 Nd7 11.Qf3 Nxf6 12.Bc4 Bg7 13.Ne2 O-O 14.Nxf4 Qd7 15.O-O Qg4 16.Rfe1 Qxf3
17.gxf3 Nd7 18.Rxe7 Bxb2 19.Rd1 Bf6 20.Re4 Ba6 21.Nh5 Be5 22.f4 Bc3 23.Nxd6 Bxc4
24.Nxc4 Rxa2 25.d6 Ra1 26.Rxa1 Bxa1 27.Re7 Rd8 28.Kf1 b3 29.Re1 Bd4 30.Rb1 b2
31.Ke2 Rb8 32.Kd3 Kf8 33.Kc2 Nf6 34.Nxf6 Bxf6 35.Ne5 Rd8 36.Rd1 Bxe5 37.fxe5 Ke8
38.Kxb2 Kd7 39.Kc3 f6 40.Kc4 Re8 41.f4 fxe5 42.Kd5 exf4 43.Ra1 Re2 44.Ra7+ Ke8
45.Kc6 Rxh2 46.Rg7 Rd2 47.Rxh7 f3 48.Re7+ Kf8 49.Re3 f2 50.Rf3+ Ke8 51.Kc7 c4
52.Rxf2 Rxf2 53.d7+ Kf7 54.d8=Q Rf4 55.Qd6 Rh4 56.Kd7 Rh7 57.Qe6+ Kf8+ 58.Kd8 c3
59.Qf6+ Kg8 60.Ke8 Rg7 61.Qxc3 Rg6 62.Ke7 Rg7+ 63.Kf6 Rf7+ 64.Kg6  1-0

[Event "Heraklio op"]
[Site "Heraklio"]
[Date "1993.??.??"]
[Round "5"]
[White "Milov, Vadim"]
[Black "Tzoumbas, Anastasios"]
[Result "1/2-1/2"]
[WhiteElo "2500"]
[BlackElo "2215"]

1.d4 Nf6 2.c4 e6 3.Nc3 Bb4 4.f3 d5 5.a3 Bxc3+ 6.bxc3 c5 7.cxd5 Nxd5 8.Qd2 f5
9.e3 O-O 10.Nh3 Nc6 11.Be2 Qh4+ 12.Nf2 cxd4 13.cxd4 f4 14.exf4 Qxf4 15.Bb2 Ne3
16.g3 Ng2+ 17.Kd1 Ne3+ 18.Ke1 Ng2+ 19.Kd1 Ne3+ 20.Ke1 Ng2+  1/2-1/2

[Event "Heraklio op"]
[Site "Heraklio"]
[Date "1993.??.??"]
[Round "7"]
[White "Milov, Vadim"]
[Black "Radulov, Ivan"]
[Result "1-0"]
[WhiteElo "2500"]
[BlackElo "2400"]

1.d4 d5 2.c4 dxc4 3.e4 e5 4.Nf3 exd4 5.Bxc4 Bb4+ 6.Nbd2 Nc6 7.O-O Nf6 8.e5 Nd5
9.a3 Be7 10.Qb3 Na5 11.Qa4+ c6 12.Ba2 b5 13.Qxd4 Be6 14.Ne4 c5 15.Nxc5 Nc6
16.Nxe6 Nxd4 17.Nxd8 Nxf3+ 18.gxf3 Rxd8 19.Rd1 Nb6 20.Rxd8+ Bxd8 21.Be3 O-O
22.Rc1 Re8 23.f4 g5 24.Rc5 gxf4 25.Bxf4 a6 26.Rc6 Na4 27.b4 Be7 28.Bb3 a5
29.bxa5 Nc5 30.Bc2 Ne6 31.Be3 Bxa3 32.a6 Bb2 33.a7 Nd4 34.Rb6  1-0

[Event "Oberwart op"]
[Site "Oberwart"]
[Date "1993.??.??"]
[Round "2"]
[White "Milov, Vadim"]
[Black "Wetscherek, Gerhard"]
[Result "1-0"]
[WhiteElo "2500"]
[BlackElo "2205"]

1.d4 Nf6 2.c4 g6 3.Nc3 d6 4.e4 Bg7 5.Be2 O-O 6.Bg5 Nbd7 7.Qd2 Re8 8.f3 c5
9.d5 a6 10.a4 Nf8 11.Bd3 e6 12.Nge2 Qc7 13.O-O e5 14.a5 Bd7 15.Na4 Bxa4 16.Rxa4 Reb8
17.b3 Ne8 18.Nc3 Nd7 19.Ra3 Bf8 20.Na4 f6 21.Be3 Bg7 22.b4 cxb4 23.Qxb4 Bf8
24.Rb1 Ng7 25.Rc3 Rd8 26.Nb6 Rab8 27.Nxd7 Qxd7 28.Qb2 g5 29.Rb3 Nh5 30.Rxb7 Rxb7
31.Qxb7 Qa4 32.Qb3 Qxa5 33.Bb6  1-0

[Event "Oberwart op"]
[Site "Oberwart"]
[Date "1993.??.??"]
[Round "3"]
[White "Milov, Vadim"]
[Black "Schwab, Rene"]
[Result "0-1"]
[WhiteElo "2500"]
[BlackElo "2280"]

1.e4 c5 2.Nf3 Nc6 3.Bb5 e6 4.O-O Nge7 5.Re1 Nd4 6.Bf1 Nec6 7.b3 g6 8.Bb2 Bg7
9.Nxd4 cxd4 10.c4 O-O 11.d3 d6 12.g3 f5 13.exf5 gxf5 14.f4 e5 15.Bg2 Ne7
16.Na3 Ng6 17.fxe5 dxe5 18.Qf3 Kh8 19.Qh5 Qb6 20.Rac1 Bd7 21.c5 Qa6 22.Nc4 Bc6
23.Bh3 f4 24.Rf1 Rf6 25.gxf4 Nxf4 26.Rxf4 exf4 27.Ne5 Re8 28.Bxd4 Rxe5 29.Bxe5 Rg6+
30.Bg4 Qxa2 31.Bxg7+ Rxg7  0-1

[Event "Oberwart op"]
[Site "Oberwart"]
[Date "1993.??.??"]
[Round "4"]
[White "Milov, Vadim"]
[Black "Schmittdiel, Eckhard"]
[Result "1/2-1/2"]
[WhiteElo "2500"]
[BlackElo "2410"]

1.c4 Nf6 2.Nc3 e6 3.d4 Bb4 4.f3 c5 5.d5 Bxc3+ 6.bxc3 d6 7.e4 e5 8.Ne2 h5
9.h4 Nbd7 10.Ng3 g6 11.Bd3 Qe7 12.Bg5 Qf8 13.Nf1 Ng8 14.Qe2 Qg7 15.O-O-O Ne7
16.Bd2 Kd8 17.Ne3 Nb6 18.g4 Kc7 19.Rdg1 Bd7 20.Nf1 hxg4 21.fxg4 f6 22.Ne3 Rh7
23.Be1 Qh8 24.Qf3 Rf8 25.Rf1 Rhf7 26.h5 Qh7 27.Bd2 g5 28.Kd1 Ng8 29.Ke1 Nh6
30.Rf2 Nc8 31.Kf1 Ne7 32.Rg1 Rh8 33.Rg3 Qg8 34.Be1 Qc8 35.Qd1 Rhf8 36.Kg1 Kb8
37.Rb2 Qc7 38.Rgg2 Nc8 39.Qb1 Nb6 40.Be2 Kc8 41.Bd1 Be8 42.a4 Na8 43.a5 Kd8
44.Kh2 Rh7 45.Kg3 Rff7 46.Rgf2 a6 47.Ra2 Bd7 48.Rf1 Bc8 49.Raf2 Ke7 50.Qa2 Qd7
51.Bd2 Rhg7 52.Bc1 Kf8 53.Rb2 Kg8 54.Rh1 Kh7 55.Rb3 Nc7 56.Rh2 Na8 57.Kg2 Nc7
58.Kg1 Na8 59.Bf3 Qe8 60.Rg2 Qd8 61.Nd1 Qe7 62.Nb2 Qd8 63.Be3 Rc7 64.Nd3 Bd7
65.Bd1  1/2-1/2

[Event "Oberwart op"]
[Site "Oberwart"]
[Date "1993.??.??"]
[Round "8"]
[White "Milov, Vadim"]
[Black "Hardicsay, Peter"]
[Result "1-0"]
[WhiteElo "2500"]
[BlackElo "2360"]

1.d4 d6 2.e4 Nf6 3.Nc3 g6 4.g3 Bg7 5.Bg2 O-O 6.Nge2 e5 7.h3 c6 8.O-O Nbd7
9.a4 a5 10.Be3 Re8 11.g4 h5 12.g5 Nh7 13.h4 exd4 14.Bxd4 Ne5 15.f4 c5 16.Bxe5 dxe5
17.f5 Bf8 18.Qd5 Qxd5 19.Nxd5 Bd6 20.c4 Ra6 21.Nec3 Bb8 22.Rad1 Kg7 23.Ne7 Rxe7
24.f6+ Kf8 25.fxe7+ Kxe7 26.Nd5+ Ke8 27.Rd3 Rc6 28.Bh3  1-0

[Event "Oberwart op"]
[Site "Oberwart"]
[Date "1993.??.??"]
[Round "9"]
[White "Gallagher, Joseph G"]
[Black "Milov, Vadim"]
[Result "1/2-1/2"]
[WhiteElo "2515"]
[BlackElo "2500"]

1.e4 c5 2.Nf3 Nc6 3.d4 cxd4 4.Nxd4 e5 5.Nb5 d6 6.c4 Be7 7.N1c3 a6 8.Na3 Nf6
9.Nc2 O-O 10.Be2 Be6 11.O-O Ne8 12.Nd5 Bg5 13.Nce3 Rc8 14.Bd3 g6 15.Bd2 Bxd5
16.Nxd5 Bxd2 17.Qxd2 Nc7 18.Rac1 Nd4 19.Nb6 Rb8 20.b4 Nce6 21.Nd5 Rc8 22.Qe3 Kh8
23.Kh1 Qh4 24.g3 Qh5 25.f4 f6 26.f5 Nc7 27.Nc3 Qg5 28.Qxg5  1/2-1/2

[Event "Paris-ch"]
[Site "Paris"]
[Date "1993.??.??"]
[Round "2"]
[White "Satta, Vladimiro"]
[Black "Milov, Vadim"]
[Result "0-1"]
[WhiteElo "2290"]
[BlackElo "2410"]

1.g3 d5 2.Bg2 Nf6 3.Nf3 c6 4.d3 Bf5 5.O-O e6 6.Nbd2 Be7 7.Qe1 h6 8.e4 Bh7
9.Qe2 O-O 10.b3 Nbd7 11.Bb2 a5 12.a4 Qb6 13.Kh1 Rfd8 14.Ne5 Nxe5 15.Bxe5 Qc5
16.Rac1 dxe4 17.Bxf6 Bxf6 18.Nxe4 Qe7 19.Nxf6+ Qxf6 20.Rfe1 Qd4 21.Qe3 Kf8
22.Qxd4 Rxd4 23.f4 g5 24.fxg5 hxg5 25.Re5 Bf5 26.Kg1 g4 27.Kf2 f6 28.Ree1 Ke7
29.Ke3 e5 30.Rf1 Be6 31.Rf2 Rh8 32.Be4 Rd6 33.Rcf1 Bd7 34.Rd2 Rh5 35.Rdf2 b6
36.Ra1 f5 37.Bh1 c5 38.Raf1 Rdh6 39.Re1 Rxh2 40.Bg2 Kd6 41.Ree2 Rf6 42.Rd2 Be6
43.Rde2 Bd5 44.Be4 Rxf2 45.Rxf2 Ke6 46.c4 Bxe4 47.dxe4 f4+ 48.gxf4 exf4+
49.Rxf4 Rg6 50.Kf2 g3+ 51.Kg2 Ke5 52.Rh4 Kd4 53.Rf4 Ke5 54.Rh4 Rd6 55.Rh1 Kxe4
56.Rb1 Rd3 57.Rb2 Kd4  0-1